000
00321nam a22001337a 4500
020
_a
9221014479
082
_a
331.70973CAR
245
_a
Career planning and development
260
_a
Geneva
_b
ILO
_c
1976
300
_a
140P
_b
ill,:25cm
490
_a
Series No.12
650
_a
Career planning and development
942
_c
BK
999
_c
14956
_d
14956